Per la storia economica e sociale del mondo ellenistico-romano: saggi scelti
সংরক্ষণ করুন:
| প্রধান লেখক: | |
|---|---|
| বিন্যাস: | গ্রন্থ |
| ভাষা: | ইতালিয় |
| প্রকাশিত: |
Catania
Edizioni del Prisma
1995
|
| সংস্করন: | 1a. ed |
| মালা: | Territori dello Storico, 7
|
| বিষয়গুলি: | |
| ট্যাগগুলো: |
ট্যাগ যুক্ত করুন
কোনো ট্যাগ নেই, প্রথমজন হিসাবে ট্যাগ করুন!
|
MARC
| LEADER | 00000cam a2200000 a 4500 | ||
|---|---|---|---|
| 001 | UCD9301 | ||
| 003 | CL-VaPUC | ||
| 008 | 170616e19950000it |||||||||||||||||ita|d | ||
| 082 | 0 | 4 | |a 306.09495 |b ROS |2 21 |
| 100 | 0 | |a Rostovzeff, Michael I |e author |9 593003 | |
| 245 | 1 | 0 | |a Per la storia economica e sociale del mondo ellenistico-romano: saggi scelti |
| 250 | |a 1a. ed | ||
| 300 | |a 237 p | ||
| 942 | |c BK | ||
| 945 | |d 20170616 21:05:00 |a dcastane | ||
| 260 | |a Catania |b Edizioni del Prisma |c 1995 | ||
| 650 | 7 | |a CIVILIZACION GRECO-ROMANA |2 CL-VaPUC |9 268177 | |
| 650 | 7 | |a ECONOMIA GRIEGA |2 CL-VaPUC |9 469298 | |
| 650 | 0 | |a Política y gobierno |9 255151 | |
| 650 | 0 | |a Vida social y costumbres |9 258725 | |
| 583 | |a last modification |c 20170616 21:05:00 |k Rodrigo Vera | ||
| 490 | 0 | |a Territori dello Storico, 7 | |
| 999 | |c 368531 |d 368529 | ||
| 952 | |0 0 |1 0 |3 erb |4 0 |6 306_094950000000000_ROS_1995 |7 0 |8 A |9 483885 |a FDOLAF |b FDOLAF |e Laffi, Umberto, 1939- |i 5397219 |o 306.09495 ROS 1995 |p 5397219 |r 2024-01-30 |w 2019-11-24 |y BK |z Catalogado en:20170616 |k LAF | ||